Регионална библиотека "Любен Каравелов" - Русе

Мир на страха ни (Запис номер 160622)

MARC детайли
000 -Лидер
Контролно поле с фиксирана дължина 01729nam a2200433 c 4500
001 - Контролен номер на записа
Контролно поле 160622
003 - Код на организацията, давaща контролен номер
Контролно поле BLK
005 - Дата и час на последна редакция
Контролно поле 20250703152523.0
008 - Елементи от данни с фиксирана дължина
fixed length control field 180410b bul|||||r ||||||| ||bul||
010 ## - Наследен системен номер
LC control number KNG00167903000
020 ## - Международен стандартен номер на книга ISBN
Международен стандартен номер на книга ISBN 978-954-26-1396-1
040 ## - Източник на каталожния запис
Идентификатор на билиотеката - собственик на записа BLK
041 ## - Код за език
Код за езика на текст/звукозапис или на отделно заглавие Български
Код за езика КДБФ Български
072 #7 - Код за тематичната категория
Код организация bullib
Код за тематична категория Н84
Текст Българска художествена литература Н
072 #7 - Код за тематичната категория
Код организация bullib
Код за тематична категория Я
Текст Автографи
080 ## - УДК
Текстов определител УДК Българска литература
УДК код - определител по УДК 821.163.2
УДК определител -4
УДК - код + определител 821.163.2-4
100 ## - Редна дума - Автор
Автор Мишев, Георги
Дати, свързани с автора 1935 -
Пълна форма на името Иванов, Георги Мишев
R(LIN) 369126
139 ## - Редно поле
Редна дума Мишев, Георги
Авторски знак Михо - М 76
245 10 - Сведения за заглавието
Заглавие Мир на страха ни
Подзаглавни данни Бел. под линия
Редно поле (дума) Георги Мишев; * Георги Мишев Иванов.
257 ## - Страна на издаване
Страна на създаване/издаване България
260 ## - Област на издателските данни
Име на издателя, разпространителя и проч. Хермес
Година на издаване 2014
Печатница София : Алианс принт
300 ## - Физическа характеристика
Страници 528 с.
Размери/Мащаб 21 см
380 ## - Жанр
Жанр Худож. лит.
500 ## - Общи забележки
Забележка Пълното име на авт. е Георги Мишев Иванов. - Съдържа и за авт.
520 ## - Забележка за наличие на резюме, анотация и т.н
Анотация, рецензия, сканиран текст За Русе и обгазяванията с хлор, за филма „Дишай“, за Комитета за спасение на Русе, с. 187, 458 – 483.
653 ## - Ключова дума – ненормативна
Ключова дума бележки
653 ## - Ключова дума – ненормативна
Ключова дума есета
659 ## - Тематичен бюлетин
Тематичен бюлетин Н
659 ## - Тематичен бюлетин
Тематичен бюлетин Я
700 ## - Други автори (авторска отговорност)
Лично име Мишев, Георги
Дати, свързани с автора 1935 -
Пълна форма на името Иванов, Георги Мишев
9 (RLIN) 369126
852 ## - Местоположение
Форматна сигнатура Цб 271617
856 4# - Електронен адрес и достъп
Електронен формат pdf - файл
856 4# - Електронен адрес и достъп
Електронен формат pdf - файл
942 ## - АРТИКУЛИ
Вид на библиотечния материал Книги
Скрит в OPAC Не
Koha issues (borrowed), all copies 29
944 ## - СЪЗДАВАНЕ И РЕДАКЦИЯ на ЗАПИСА
Създаване/Редакция Създаване
Дата на регистрацията/редакция 27.11.2014
Статус, дата на статуса Нора Радева
Служител, извършил регистрацията/редакцията 30545
944 ## - СЪЗДАВАНЕ И РЕДАКЦИЯ на ЗАПИСА
Създаване/Редакция Редакция
Дата на регистрацията/редакция 13.11.2015
Статус, дата на статуса ф /
Служител, извършил регистрацията/редакцията Людмила_Стоянова
999 ## - СИСТЕМНИ КОНТРОЛНИ НОМЕРА
Koha biblionumber 160622
Koha biblioitemnumber 160622
999 ## - СИСТЕМНИ КОНТРОЛНИ НОМЕРА
Koha biblioitemnumber 160622
999 ## - СИСТЕМНИ КОНТРОЛНИ НОМЕРА
Koha biblioitemnumber 160622
Наличности
Код за отписване Код за изгубен артикул Код за повреда Коз за рестрикции Код за отдаване Артикулен № Име на библиотеката - собственик Име на библиотеката, в която се намира в момента Статус (Текущо местоположение) Дата на вписване в системата Местоположение - отдел Цена в лева Инвентарен номер Систематично азбучна сигнатура Баркод Номер на екземпляра Цена в евро Служебна бележка Служебен тип на артикула Източник на класификационната схема Номерация (Хронология)
  Не е изгубен Не е повреден без рестрикции заемане за дома 268545 Регионална библиотека "Любен Каравелов" Русе Регионална библиотека "Любен Каравелов" Русе Заемна - подръчен фонд 2014-11-29 Заемна - подръчен фонд 17.95 120000783250 П 886.7-4/М 76 120000783250 1 9.18 Дост: Pk Вид: Ф N: 418 Дата: 22.11.2014 Дата инв: 12.02.2018 Бележки инв: П2018 Книги    
  Не е изгубен Не е повреден без рестрикции заемане за дома 268546 Регионална библиотека "Любен Каравелов" Русе Регионална библиотека "Любен Каравелов" Русе Заемна - подръчен фонд 2014-11-29 Заемна - подръчен фонд 17.95 120000783251 П 886.7-4/М 76 120000783251 2 9.18 Дост: Pk Вид: Ф N: 418 Дата: 22.11.2014 Дата инв: 12.02.2018 Бележки инв: П2018 Книги    
  Не е изгубен Не е повреден без рестрикции заемане за дома 268547 Регионална библиотека "Любен Каравелов" Русе Регионална библиотека "Любен Каравелов" Русе Заемна - подръчен фонд 2015-06-23 Заемна - подръчен фонд 17.95 120000789033 П 886.7-4/М 76 120000789033 3 9.18 Дост: Pk Вид: Ф N: 436 Дата: 19.06.2015 Дата инв: 12.02.2018 Бележки инв: П2018 Книги Universal Decimal Classification  
  Не е изгубен Не е повреден без рестрикции заемане за дома 268548 Регионална библиотека "Любен Каравелов" Русе Регионална библиотека "Любен Каравелов" Русе Заемна - подръчен фонд 2015-06-23 Заемна - подръчен фонд 17.95 120000789034 П 886.7-4/М 76 120000789034 4 9.18 Дост: Pk Вид: Ф N: 436 Дата: 19.06.2015 Дата инв: 12.02.2018 Бележки инв: П2018 Книги Universal Decimal Classification  
  Не е изгубен Не е повреден без рестрикции ползва се в читалня 268549 Регионална библиотека "Любен Каравелов" Русе Регионална библиотека "Любен Каравелов" Русе Хранилище 2015-10-16 Хранилище 17.95 120000793726 Цб 271617 120000793726 5 9.18 Дост: Dp Вид: Д N: 36 Дата: 19.08.2015 Книги    
  Не е изгубен Не е повреден без рестрикции ползва се в читалня 268550 Регионална библиотека "Любен Каравелов" Русе Регионална библиотека "Любен Каравелов" Русе Хранилище 2015-10-26 Основен фонд - ползва се само за читалня 13.46 120000794080 Цб 271617 120000794080 6 6.88 Дост: Pk Вид: Ф N: 547 Дата: 05.10.2015 Книги   Автограф: Георги Мишев
Vip Innovations Ltd, Rousse, Bulgaria 2025